[Event "Llinars del Valles op"]
[Site "Llinars del Valles"]
[Date "2022.06.25"]
[Round "1"]
[White "Prats Fumado, Gerard"]
[Black "Narciso Dublan, Marc"]
[Result "0-1"]
[WhiteElo "1752"]
[BlackElo "2461"]
[PlyCount "42"]
[EventDate "2022.06.25"]
[EventType "swiss"]
[EventRounds "9"]
[EventCountry "ESP"]
[SourceTitle "CBM 209 Extra"]
[Source "ChessBase"]
[SourceDate "2022.09.30"]
[SourceVersion "1"]
[SourceVersionDate "2022.09.30"]
[SourceQuality "1"]

1. d4 Nf6 2. Nf3 e6 3. c3 c5 4. e3 d5 5. Nbd2 Nbd7 6. Bd3 Qc7 7. 0-0 Be7 8. Re1 0-0 9. e4 dxe4 10. Nxe4 b6 11. Bg5 Bb7 12. Nxf6+ Bxf6 13. Be4 Bxe4 14. Rxe4 Rfd8 15. Qb3 Bxg5 16. Nxg5 Nf6 17. Rh4 cxd4 18. Rxd4 Rxd4 19. cxd4 Rc8 20. a4 Qc1+ 21. Qd1 Qxg5 0-1

[Event "Llinars del Valles op 11th"]
[Site "Llinars del Valles"]
[Date "2017.05.27"]
[Round "6"]
[White "Romero Torrents, Josep"]
[Black "Prats Fumado, Gerard"]
[Result "1-0"]
[WhiteElo "1736"]
[BlackElo "1774"]
[PlyCount "62"]
[EventDate "2017.04.22"]
[EventType "swiss"]
[EventRounds "9"]
[EventCountry "CAT"]
[SourceTitle "EXT 2018"]
[Source "ChessBase"]
[SourceDate "2017.10.13"]
[SourceVersion "1"]
[SourceVersionDate "2017.10.13"]
[SourceQuality "1"]

1. e4 g6 2. Nf3 Bg7 3. Be2 d6 4. d4 Nd7 5. c4 c5 6. Nc3 cxd4 7. Nxd4 Ne5 8. Be3 Nc6 9. 0-0 Nf6 10. Nxc6 bxc6 11. e5 dxe5 12. Qxd8+ Kxd8 13. Rfd1+ Kc7 14. Bc5 Re8 15. b4 Nd7 16. Be3 f5 17. b5 e4 18. Bf4+ e5 19. Bd2 Nb6 20. c5 Nd7 21. bxc6 Nxc5 22. Nb5+ Kxc6 23. Ba5 Ba6 24. Rd6+ Kb7 25. Rb1 Kc8 26. Rc6+ Kd7 27. Rxc5 Bc8 28. Rd1+ Ke7 29. Rc7+ Kf6 30. Rc6+ Re6 31. Rxe6+ Kxe6 1-0

[Event "Llinars del Valles op 11th"]
[Site "Llinars del Valles"]
[Date "2017.04.22"]
[Round "1"]
[White "Fernandez Diaz, Cristian"]
[Black "Prats Fumado, Gerard"]
[Result "1-0"]
[WhiteElo "2259"]
[BlackElo "1774"]
[PlyCount "59"]
[EventDate "2017.04.22"]
[EventType "swiss"]
[EventRounds "9"]
[EventCountry "CAT"]
[SourceTitle "EXT 2018"]
[Source "ChessBase"]
[SourceDate "2017.10.13"]
[SourceVersion "1"]
[SourceVersionDate "2017.10.13"]
[SourceQuality "1"]

1. d4 g6 2. e4 Bg7 3. Nc3 d6 4. Bg5 a6 5. a4 Nc6 6. Nf3 Bg4 7. Be3 e5 8. d5 Nce7 9. Be2 Bd7 10. h4 h6 11. h5 g5 12. Nd2 f5 13. exf5 Bxf5 14. Nde4 Qd7 15. Ng3 Nf6 16. Qd2 Rg8 17. a5 Bh7 18. Ra3 Nf5 19. Nxf5 Bxf5 20. Rb3 Qc8 21. Bd3 e4 22. Bc4 Nd7 23. Bd4 Ne5 24. Be2 Kf7 25. Kd1 Re8 26. Kc1 Kg8 27. Kb1 Re7 28. Nd1 Nd7 29. Ne3 Bxd4 30. Nxf5 1-0

[Event "Roncana op-A 10th"]
[Site "Santa Eulalia de Roncana"]
[Date "2016.10.08"]
[Round "3"]
[White "Canellas Magide, Lluis"]
[Black "Prats Fumado, Gerard"]
[Result "1-0"]
[WhiteElo "2048"]
[BlackElo "1751"]
[PlyCount "87"]
[EventDate "2016.09.24"]
[EventType "swiss"]
[EventRounds "8"]
[EventCountry "ESP"]
[SourceTitle "EXT 2018"]
[Source "ChessBase"]
[SourceDate "2017.10.13"]
[SourceVersion "1"]
[SourceVersionDate "2017.10.13"]
[SourceQuality "1"]

1. f4 d5 2. Nf3 c5 3. d3 Nf6 4. c3 Nc6 5. Qc2 Bf5 6. g3 h6 7. Bg2 Qd7 8. 0-0 e6 9. Kh1 Be7 10. Be3 Rc8 11. Qd1 Ng4 12. Bg1 Qd8 13. Nbd2 0-0 14. e4 Bh7 15. h3 Nf6 16. Qe1 Re8 17. g4 Nd7 18. Qg3 Qc7 19. Bh2 Bd6 20. g5 h5 21. Nh4 g6 22. exd5 exd5 23. Bxd5 Ne7 24. Be4 Nf5 25. Bxf5 gxf5 26. Qf3 Qc6 27. Qxc6 Rxc6 28. Rae1 Rd8 29. Nc4 Bf8 30. Nf3 Bg7 31. Re7 Kf8 32. Rfe1 b5 33. Nce5 Nxe5 34. Nxe5 Bxe5 35. R1xe5 Rxd3 36. Rxa7 Rd1+ 37. Kg2 Rd2+ 38. Kg3 Rxb2 39. Bg1 Rc2 40. Bxc5+ Kg7 41. Bd4 Kg6 42. Ree7 Bg8 43. Re8 Bh7 44. Rf8 1-0

[Event "Roncana op-A 10th"]
[Site "Santa Eulalia de Roncana"]
[Date "2016.10.01"]
[Round "2"]
[White "Prats Fumado, Gerard"]
[Black "Gonzalez Cominelli, Alejo Gabriel"]
[Result "1-0"]
[WhiteElo "1751"]
[BlackElo "1856"]
[PlyCount "71"]
[EventDate "2016.09.24"]
[EventType "swiss"]
[EventRounds "8"]
[EventCountry "ESP"]
[SourceTitle "EXT 2018"]
[Source "ChessBase"]
[SourceDate "2017.10.13"]
[SourceVersion "1"]
[SourceVersionDate "2017.10.13"]
[SourceQuality "1"]

1. Nc3 c6 2. f4 d5 3. e3 Nf6 4. Be2 Nbd7 5. Nf3 Qc7 6. d4 e6 7. 0-0 Bd6 8. Bd2 b6 9. a4 a5 10. Qe1 Ba6 11. Bd3 Ne4 12. Bxa6 Rxa6 13. Nxe4 dxe4 14. Ng5 Nf6 15. c4 h6 16. Nh3 c5 17. b3 g5 18. Bc3 Rg8 19. dxc5 Be7 20. Qe2 g4 21. Nf2 bxc5 22. Qb2 Nh5 23. Nxe4 f5 24. Nf6+ Nxf6 25. Bxf6 Kf7 26. Bxe7 Qxe7 27. e4 Rd8 28. exf5 exf5 29. Rae1 Re6 30. Qf2 Rd4 31. Re5 Rxe5 32. fxe5 f4 33. Qc2 Qxe5 34. Qh7+ Ke8 35. Qg8+ Kd7 36. Qxg4+ 1-0

[Event "Llinars del Valles op-A 10th"]
[Site "Llinars del Valles"]
[Date "2016.05.21"]
[Round "7"]
[White "Fernandez Gonzalez, Julio Honor"]
[Black "Prats Fumado, Gerard"]
[Result "1-0"]
[WhiteElo "1945"]
[BlackElo "1799"]
[PlyCount "45"]
[EventDate "2016.04.02"]
[EventType "swiss"]
[EventRounds "9"]
[EventCountry "ESP"]
[SourceTitle "CBM 172 Extra"]
[Source "ChessBase"]
[SourceDate "2016.06.21"]
[SourceVersion "1"]
[SourceVersionDate "2016.06.21"]
[SourceQuality "1"]

1. c4 g6 2. Nc3 Bg7 3. Nf3 d6 4. g3 e5 5. d3 Ne7 6. Bg2 c6 7. Bd2 Na6 8. Qc1 h6 9. h4 Bg4 10. Nh2 Be6 11. b4 Nc7 12. b5 d5 13. bxc6 bxc6 14. 0-0 dxc4 15. dxc4 Bxc4 16. Rd1 Qc8 17. Ne4 0-0 18. Qxc4 Nf5 19. Bb4 Rd8 20. Rxd8+ Qxd8 21. Ba5 Qd7 22. Bxc7 Qxc7 23. Rc1 1-0

[Event "Roncana op-A 9th"]
[Site "Santa Eulalia de Roncana"]
[Date "2015.12.05"]
[Round "8"]
[White "Roquet Estrada, Albert"]
[Black "Prats Fumado, Gerard"]
[Result "1/2-1/2"]
[WhiteElo "1948"]
[BlackElo "2026"]
[PlyCount "93"]
[EventDate "2015.10.03"]
[EventType "swiss"]
[EventRounds "8"]
[EventCountry "ESP"]
[SourceTitle "EXT 2017"]
[Source "ChessBase"]
[SourceDate "2016.10.25"]
[SourceVersion "1"]
[SourceVersionDate "2016.10.25"]
[SourceQuality "1"]

1. e4 g6 2. d4 Bg7 3. Nf3 d6 4. Nc3 Nf6 5. Bf4 Nh5 6. Be3 Nf6 7. h3 a6 8. Qd2 h6 9. Bd3 Nbd7 10. e5 Ng8 11. e6 Nf8 12. exf7+ Kxf7 13. Bc4+ Be6 14. d5 Bc8 15. Bd4 e5 16. dxe6+ Bxe6 17. Bxg7 Kxg7 18. Bxe6 Nxe6 19. 0-0-0 Nf6 20. Rhe1 Re8 21. Nd4 Nxd4 22. Qxd4 Rxe1 23. Rxe1 Kf7 24. g4 c6 25. h4 Qd7 26. f3 Rf8 27. g5 hxg5 28. hxg5 Ne8 29. Rh1 Ke7 30. f4 Qf5 31. Rh7+ Rf7 32. Rxf7+ Qxf7 33. Kd2 Kd7 34. Qe4 Qe6 35. Ke3 Ng7 36. Qxe6+ Kxe6 37. Ne4 Nf5+ 38. Kd3 Ne7 39. c4 b5 40. c5 d5 41. Nd6 Nf5 42. Nb7 Kd7 43. Na5 Ne7 44. Nb3 Nf5 45. Na5 Ne7 46. Nb3 Nf5 47. Na5 1/2-1/2

[Event "Roncana op-A 9th"]
[Site "Santa Eulalia de Roncana"]
[Date "2015.11.14"]
[Round "6"]
[White "Vicedo Navau, Carles"]
[Black "Prats Fumado, Gerard"]
[Result "1/2-1/2"]
[WhiteElo "1898"]
[BlackElo "2026"]
[PlyCount "135"]
[EventDate "2015.10.03"]
[EventType "swiss"]
[EventRounds "8"]
[EventCountry "ESP"]
[SourceTitle "EXT 2017"]
[Source "ChessBase"]
[SourceDate "2016.10.25"]
[SourceVersion "1"]
[SourceVersionDate "2016.10.25"]
[SourceQuality "1"]

1. e4 g6 2. Nc3 Bg7 3. f4 d6 4. Nf3 a6 5. Bc4 b5 6. Bb3 c5 7. Bd5 Ra7 8. a4 b4 9. Ne2 e6 10. Ba2 Rc7 11. d3 a5 12. 0-0 Ne7 13. Qe1 Nd7 14. Qh4 Bf6 15. Qh6 Ng8 16. Qh3 Nb6 17. Bb3 Ne7 18. g4 h6 19. e5 Bg7 20. Ng3 d5 21. Be3 d4 22. Bd2 Ned5 23. Ne4 Bf8 24. Rf2 Kd7 25. Bxd5 Nxd5 26. b3 Kc6 27. g5 h5 28. Nf6 Kb6 29. Qg3 Bb7 30. h4 Be7 31. Re1 Qa8 32. Ne4 Rd8 33. Bc1 Bf8 34. Nfd2 Ne3 35. Nc4+ Nxc4 36. bxc4 Bc6 37. Bb2 Bxa4 38. Ra1 Bc6 39. Nd2 a4 40. Nb3 Ra7 41. Nd2 a3 42. Bc1 Qb7 43. Nb3 Qc7 44. Ra2 Bb7 45. Nd2 Qc6 46. Rh2 Kc7 47. Nb3 Be7 48. Qf2 Rd7 49. Qg2 Qb6 50. Qf2 Kd8 51. Kf1 Ke8 52. Ke2 Ra8 53. Kd1 Rad8 54. Bd2 Ba6 55. Rh3 Bb7 56. Kc1 Rc8 57. Kd1 Ba6 58. Kc1 Bd8 59. Be1 Bc7 60. Qh2 Rcd8 61. Bd2 Qa7 62. Be1 Bb6 63. Bd2 Bxc4 64. dxc4 Qa6 65. Qe2 Qa8 66. Qf3 Qa6 67. Qd3 Qb7 68. Qf3 1/2-1/2

[Event "Roncana op-A 9th"]
[Site "Santa Eulalia de Roncana"]
[Date "2015.10.31"]
[Round "4"]
[White "Prats Fumado, Gerard"]
[Black "Toquero Gracia, Pau"]
[Result "0-1"]
[WhiteElo "2026"]
[BlackElo "2095"]
[PlyCount "152"]
[EventDate "2015.10.03"]
[EventType "swiss"]
[EventRounds "8"]
[EventCountry "ESP"]
[SourceTitle "EXT 2017"]
[Source "ChessBase"]
[SourceDate "2016.10.25"]
[SourceVersion "1"]
[SourceVersionDate "2016.10.25"]
[SourceQuality "1"]

1. b3 b6 2. Bb2 Bb7 3. d3 Nf6 4. e4 d6 5. f4 Nbd7 6. Nf3 e6 7. Be2 d5 8. e5 Ng4 9. Qd2 c5 10. d4 Nh6 11. c3 Be7 12. 0-0 0-0 13. Na3 a6 14. Nc2 b5 15. Ng5 c4 16. b4 Nf5 17. g4 Nh4 18. Ne1 Ng6 19. Nh3 Qb6 20. Kh1 a5 21. a3 axb4 22. axb4 Rxa1 23. Bxa1 f6 24. Ng2 fxe5 25. fxe5 Rxf1+ 26. Bxf1 Qd8 27. Bb2 Ndf8 28. Bc1 Nh4 29. Nxh4 Bxh4 30. Qe2 h6 31. Bd2 Be7 32. Qf3 g5 33. Be2 Ng6 34. Bd1 Bc6 35. Bc2 Be8 36. Qf1 Qa8 37. Qc1 Kg7 38. Nxg5 hxg5 39. Bxg5 Qd8 40. Bh6+ Kh7 41. g5 Kh8 42. Qf1 Bxg5 43. Qh3 Kg8 44. Qxe6+ Bf7 45. Qh3 Bxh6 46. Qxh6 Qh4 47. Qe3 Qg4 48. h3 Qf4 49. Qg1 Qf3+ 50. Kh2 Qe2+ 51. Qg2 Qxg2+ 52. Kxg2 Nf4+ 53. Kf3 Nxh3 54. Bf5 Ng5+ 55. Kf4 Ne6+ 56. Kg4 Kg7 57. Kh4 Nf8 58. Bc8 Be6 59. Ba6 Ng6+ 60. Kg3 Nxe5 61. dxe5 d4 62. Bxb5 dxc3 63. Ba4 Bf5 64. Kf4 c2 65. Bxc2 Bxc2 66. e6 Kg6 67. Ke5 Ba4 68. Kd4 Bb5 69. Kc5 c3 70. Kxb5 c2 71. Kb6 c1Q 72. b5 Kf6 73. Kb7 Kxe6 74. b6 Kd7 75. Kb8 Qc8+ 76. Ka7 Kc6 0-1

[Event "Roncana op-A 9th"]
[Site "Santa Eulalia de Roncana"]
[Date "2015.10.24"]
[Round "3"]
[White "Castillo Martinez, Eloi"]
[Black "Prats Fumado, Gerard"]
[Result "1/2-1/2"]
[WhiteElo "2166"]
[BlackElo "2026"]
[PlyCount "30"]
[EventDate "2015.10.03"]
[EventType "swiss"]
[EventRounds "8"]
[EventCountry "ESP"]
[SourceTitle "EXT 2017"]
[Source "ChessBase"]
[SourceDate "2016.10.25"]
[SourceVersion "1"]
[SourceVersionDate "2016.10.25"]
[SourceQuality "1"]

1. b3 e5 2. Bb2 d6 3. g3 f5 4. Bg2 Nf6 5. e3 c6 6. Ne2 Be7 7. c4 Be6 8. h4 Nbd7 9. d4 Bf7 10. Nbc3 0-0 11. d5 c5 12. Qd2 a6 13. Bf3 Ng4 14. a3 Rb8 15. a4 h5 1/2-1/2

[Event "Roncana op-A 9th"]
[Site "Santa Eulalia de Roncana"]
[Date "2015.10.03"]
[Round "1"]
[White "Villa Cardenas, Jorge"]
[Black "Prats Fumado, Gerard"]
[Result "1/2-1/2"]
[WhiteElo "1877"]
[BlackElo "2026"]
[PlyCount "55"]
[EventDate "2015.10.03"]
[EventType "swiss"]
[EventRounds "8"]
[EventCountry "ESP"]
[SourceTitle "EXT 2017"]
[Source "ChessBase"]
[SourceDate "2016.10.25"]
[SourceVersion "1"]
[SourceVersionDate "2016.10.25"]
[SourceQuality "1"]

1. e4 g6 2. d4 Bg7 3. Nf3 d6 4. Bc4 Bg4 5. Be3 Nf6 6. Nbd2 0-0 7. h3 Bxf3 8. gxf3 Nbd7 9. Qe2 c5 10. 0-0-0 cxd4 11. Bxd4 a6 12. f4 b5 13. Bd3 Nc5 14. Nb3 Nxd3+ 15. Rxd3 Nh5 16. Qg4 f5 17. exf5 Rxf5 18. Bxg7 Nxg7 19. Nd4 Rc5 20. Re1 Rac8 21. Kb1 Qc7 22. Qd1 b4 23. Re2 a5 24. Rde3 e5 25. fxe5 dxe5 26. Nf3 Rd8 27. Rd3 Rxd3 28. Qxd3 1/2-1/2

[Event "Llinars del Valles op-B 8th"]
[Site "Llinars del Valles"]
[Date "2015.05.30"]
[Round "7"]
[White "Prats Fumado, Gerard"]
[Black "Gonzalez Garcia, Sergi"]
[Result "1-0"]
[WhiteElo "1971"]
[BlackElo "1977"]
[PlyCount "81"]
[EventDate "2015.04.11"]
[EventType "swiss"]
[EventRounds "9"]
[EventCountry "ESP"]
[SourceTitle "EXT 2016"]
[Source "ChessBase"]
[SourceDate "2015.10.08"]
[SourceVersion "1"]
[SourceVersionDate "2015.10.08"]
[SourceQuality "1"]

1. e4 e5 2. Nf3 Nc6 3. Bc4 Nf6 4. Ng5 d5 5. exd5 Na5 6. d3 h6 7. Nf3 Nxc4 8. dxc4 Bd6 9. h3 0-0 10. Be3 b6 11. Nc3 Ba6 12. Qd3 Re8 13. Ne4 Nxe4 14. Qxe4 Qd7 15. g4 f6 16. Nh4 Rad8 17. Nf5 Bf8 18. h4 Bc8 19. 0-0-0 Qa4 20. Kb1 Bxf5 21. gxf5 b5 22. b3 Qa6 23. Rhg1 bxc4 24. Bxh6 cxb3 25. axb3 c5 26. c4 Qb7 27. Kc2 Rd6 28. Rg3 Rb6 29. Bc1 Rb8 30. Rdd3 Qa6 31. h5 Qa2+ 32. Bb2 a5 33. h6 a4 34. d6 a3 35. Qd5+ Kh7 36. hxg7 Qxb2+ 37. Kd1 Qb1+ 38. Ke2 Qb2+ 39. Rd2 Bxg7 40. Rh3+ Bh6 41. Qf7+ 1-0

[Event "Llinars del Valles op 5th"]
[Site "Llinars del Valles"]
[Date "2013.11.29"]
[Round "8"]
[White "Prats Fumado, Gerard"]
[Black "Lobo Bruguera, Xavier"]
[Result "1-0"]
[WhiteElo "1990"]
[BlackElo "1714"]
[PlyCount "127"]
[EventDate "2013.10.04"]
[EventType "swiss"]
[EventRounds "8"]
[EventCountry "ESP"]
[SourceTitle "CBM 157 Extra"]
[Source "ChessBase"]
[SourceDate "2013.12.19"]
[SourceVersion "1"]
[SourceVersionDate "2013.12.19"]
[SourceQuality "1"]

1. e4 e5 2. Nf3 Nf6 3. Nc3 d6 4. Bc4 h6 5. d3 Bg4 6. Be3 Nc6 7. h3 Bxf3 8. gxf3 a6 9. f4 Qe7 10. a3 Qd7 11. Qd2 exf4 12. Bxf4 Nd4 13. 0-0-0 g5 14. Be3 Nc6 15. Bb3 0-0-0 16. Ba4 d5 17. e5 Nh5 18. d4 Qe6 19. f4 gxf4 20. Bxf4 Nxf4 21. Qxf4 Be7 22. Kb1 Na5 23. Rdf1 Rdf8 24. Qf5 c6 25. Qh5 Nc4 26. Rh2 Kb8 27. Bb3 Nb6 28. Ne4 Nd7 29. Ng3 Qg6 30. Qf3 Bd8 31. Nf5 Bc7 32. Rg2 Qe6 33. Ng7 Qe7 34. Nh5 Rh7 35. Qf5 f6 36. exf6 Qf7 37. Re2 Bd8 38. Re6 Rhh8 39. Rd6 Kc7 40. Re6 Re8 41. Ng7 Rxe6 42. Qxe6 Qxe6 43. Nxe6+ Kd6 44. Nxd8 Rxd8 45. c3 Ke6 46. Bd1 Nxf6 47. Kc2 Rg8 48. Re1+ Ne4 49. Bg4+ Kd6 50. Rf1 Rg7 51. Rf8 Ng5 52. Rf6+ Kc7 53. Rxh6 a5 54. Rh8 Kb6 55. Rf8 Ne4 56. Kd3 Ka7 57. Ke3 Kb6 58. Rf3 Re7 59. Kd3 Kb5 60. b3 Kb6 61. h4 Kc7 62. Bf5 b5 63. h5 Re8 64. Bg6 1-0

[Event "Llinars del Valles op 5th"]
[Site "Llinars del Valles"]
[Date "2013.11.22"]
[Round "7"]
[White "Prats Fumado, Gerard"]
[Black "Cobos Navarro, Jorge"]
[Result "1/2-1/2"]
[WhiteElo "1990"]
[BlackElo "1837"]
[PlyCount "96"]
[EventDate "2013.10.04"]
[EventType "swiss"]
[EventRounds "8"]
[EventCountry "ESP"]
[SourceTitle "CBM 157 Extra"]
[Source "ChessBase"]
[SourceDate "2013.12.19"]
[SourceVersion "1"]
[SourceVersionDate "2013.12.19"]
[SourceQuality "1"]

1. e4 c5 2. Nf3 d6 3. Bb5+ Bd7 4. Bxd7+ Qxd7 5. c4 g6 6. Nc3 Bg7 7. d4 cxd4 8. Nxd4 Nc6 9. Nde2 Nf6 10. f3 0-0 11. 0-0 Rac8 12. Rb1 a6 13. Be3 Na5 14. b3 Rb8 15. Bb6 Qc8 16. Kh1 Nc6 17. Nd5 Nxd5 18. cxd5 Ne5 19. Rc1 Qd7 20. Nc3 Rbc8 21. Na4 Rxc1 22. Qxc1 Rc8 23. Qd2 Qb5 24. Rd1 Nd7 25. Be3 a5 26. Bg5 Bf6 27. Be3 Qa6 28. Nb2 b5 29. Nd3 b4 30. Nb2 Bc3 31. Qf2 Ne5 32. Na4 Nd7 33. h4 Bf6 34. h5 Ne5 35. g4 Qb7 36. hxg6 fxg6 37. Kg2 Kf7 38. Rh1 Rh8 39. Nb6 Nd3 40. Qc2 Ne5 41. Rc1 h5 42. g5 Bg7 43. Qe2 h4 44. Kh3 Nd7 45. Qb5 Nxb6 46. Qxb6 Qd7+ 47. Kh2 Rc8 48. Rxc8 Qxc8 1/2-1/2

[Event "Llinars del Valles op 5th"]
[Site "Llinars del Valles"]
[Date "2013.10.25"]
[Round "4"]
[White "Prats Fumado, Gerard"]
[Black "Creixell Robert, Francesc"]
[Result "0-1"]
[WhiteElo "1990"]
[BlackElo "1733"]
[PlyCount "95"]
[EventDate "2013.10.04"]
[EventType "swiss"]
[EventRounds "8"]
[EventCountry "ESP"]
[SourceTitle "CBM 157 Extra"]
[Source "ChessBase"]
[SourceDate "2013.12.19"]
[SourceVersion "1"]
[SourceVersionDate "2013.12.19"]
[SourceQuality "1"]

1. e4 c5 2. c3 d5 3. exd5 Qxd5 4. Nf3 Nf6 5. d4 e6 6. Bb5+ Bd7 7. Qe2 cxd4 8. Bxd7+ Nbxd7 9. cxd4 Bb4+ 10. Bd2 Rc8 11. Nc3 Bxc3 12. Bxc3 Ne4 13. Bb4 a5 14. Ba3 b5 15. b3 Nc3 16. Qe3 b4 17. Bb2 0-0 18. 0-0 Nf6 19. Rfc1 Nce4 20. h3 Nd6 21. Ne5 Nf5 22. Qf4 Qb7 23. Rc4 Rxc4 24. Nxc4 Qa6 25. Re1 Nd5 26. Qe5 a4 27. Qe4 axb3 28. axb3 Qa2 29. Qd3 Qa8 30. Ra1 Qb7 31. Na5 Qb6 32. Nc4 Qb7 33. Ra5 Nf4 34. Qf1 Nh4 35. Ne3 Nxh3+ 36. Kh2 Qc7+ 37. Kxh3 Qxa5 38. Kxh4 Qa2 39. Qc1 Qxb3 40. Qa1 Qd3 41. Kh3 Qe4 42. Kh2 Ra8 43. Qc1 h6 44. Qc4 Ra5 45. Qe2 Ra2 46. f3 Qb1 47. Nc4 b3 48. Qd2 0-1

[Event "Roncana op-A 7th"]
[Site "Santa Eulalia de Roncana"]
[Date "2013.10.19"]
[Round "3"]
[White "Lopez Pajuelo, Sergi"]
[Black "Prats Fumado, Gerard"]
[Result "1/2-1/2"]
[WhiteElo "1620"]
[BlackElo "1829"]
[PlyCount "25"]
[EventDate "2013.10.05"]
[EventType "swiss"]
[EventRounds "8"]
[EventCountry "ESP"]
[SourceTitle "CBM 157 Extra"]
[Source "ChessBase"]
[SourceDate "2013.12.19"]
[SourceVersion "1"]
[SourceVersionDate "2013.12.19"]
[SourceQuality "1"]

1. e4 e6 2. d4 d5 3. Nc3 Bb4 4. e5 c5 5. a3 Bxc3+ 6. bxc3 Ne7 7. Qg4 Qc7 8. Nf3 cxd4 9. Qxd4 Nbc6 10. Bb5 Bd7 11. Bxc6 Qxc6 12. 0-0 Qa6 13. Qg4 1/2-1/2

[Event "Llinars del Valles op 5th"]
[Site "Llinars del Valles"]
[Date "2013.10.18"]
[Round "3"]
[White "Prats Fumado, Gerard"]
[Black "Torras Lemos, Marc"]
[Result "0-1"]
[WhiteElo "1990"]
[BlackElo "1779"]
[PlyCount "22"]
[EventDate "2013.10.04"]
[EventType "swiss"]
[EventRounds "8"]
[EventCountry "ESP"]
[SourceTitle "CBM 157 Extra"]
[Source "ChessBase"]
[SourceDate "2013.12.19"]
[SourceVersion "1"]
[SourceVersionDate "2013.12.19"]
[SourceQuality "1"]

1. e4 e5 2. Nf3 Nc6 3. Bc4 Nf6 4. Ng5 d5 5. exd5 Nxd5 6. Nxf7 Kxf7 7. Qf3+ Ke6 8. Nc3 Ncb4 9. a3 Nxc2+ 10. Kd1 c6 11. Kxc2 b5 0-1

[Event "Llinars del Valles op 5th"]
[Site "Llinars del Valles"]
[Date "2013.10.11"]
[Round "2"]
[White "Vidal Palou, Jordi"]
[Black "Prats Fumado, Gerard"]
[Result "0-1"]
[WhiteElo "1930"]
[BlackElo "1990"]
[PlyCount "64"]
[EventDate "2013.10.04"]
[EventType "swiss"]
[EventRounds "8"]
[EventCountry "ESP"]
[SourceTitle "CBM 157 Extra"]
[Source "ChessBase"]
[SourceDate "2013.12.19"]
[SourceVersion "1"]
[SourceVersionDate "2013.12.19"]
[SourceQuality "1"]

1. d4 Nf6 2. Nf3 g6 3. Bf4 Bg7 4. e3 d6 5. Be2 0-0 6. 0-0 Nbd7 7. h3 b6 8. Nbd2 c5 9. c3 Bb7 10. Bd3 Re8 11. Be2 e5 12. dxe5 dxe5 13. Bg3 e4 14. Nh2 Ne5 15. Bxe5 Rxe5 16. Nc4 Rd5 17. Qc2 b5 18. Na3 Rd2 19. Rad1 Rxc2 20. Rxd8+ Rxd8 21. Nxc2 Rd2 22. Bd1 Bd5 23. b3 Nd7 24. Na3 b4 25. cxb4 cxb4 26. Nc2 Bc3 27. f4 f5 28. g4 Bb7 29. gxf5 gxf5 30. Kh1 Kh8 31. Rg1 Nc5 32. Nf1 Rxd1 0-1

[Event "Vall del Tenes op 2nd"]
[Site "Vall del Tenes"]
[Date "2013.05.31"]
[Round "8"]
[White "Prats Fumado, Gerard"]
[Black "Rodriguez Saez, Gerard"]
[Result "1-0"]
[WhiteElo "1825"]
[BlackElo "1831"]
[PlyCount "89"]
[EventDate "2013.04.05"]
[EventType "swiss"]
[EventRounds "8"]
[EventCountry "ESP"]
[SourceTitle "EXT 2014"]
[Source "ChessBase"]
[SourceDate "2013.11.20"]
[SourceVersion "1"]
[SourceVersionDate "2013.11.20"]
[SourceQuality "1"]

1. e4 Nf6 2. Nc3 e5 3. Nf3 d6 4. Bc4 Be7 5. 0-0 0-0 6. d4 Nbd7 7. d5 Nb6 8. Bb3 Ne8 9. Ne1 g5 10. g4 Kg7 11. h3 h5 12. f3 h4 13. Ng2 Kh7 14. Ne3 Nd7 15. a3 Nc5 16. Ba2 a5 17. Qe2 b6 18. Bc4 Bd7 19. a4 f6 20. Bb5 Bxb5 21. Qxb5 Ng7 22. Bd2 Qe8 23. Qe2 c6 24. Be1 Rb8 25. Bf2 Qc8 26. Rfd1 Rd8 27. Rd2 Bf8 28. Qe1 Qb7 29. Ncd1 Kg6 30. Nf5 Nxf5 31. gxf5+ Kg7 32. Ne3 Rbc8 33. Kh2 Rc7 34. Ng4 b5 35. axb5 Qxb5 36. b3 Qb4 37. Qe2 Qb6 38. Rad1 cxd5 39. Rxd5 Rcc8 40. Qe3 Be7 41. Bxh4 gxh4 42. Qh6+ Kg8 43. Qg6+ Kh8 44. Nh6 Rf8 45. Rg1 1-0

[Event "Vall del Tenes op 2nd"]
[Site "Vall del Tenes"]
[Date "2013.05.10"]
[Round "5"]
[White "Gallardo Espinosa, Xavier"]
[Black "Prats Fumado, Gerard"]
[Result "0-1"]
[WhiteElo "1722"]
[BlackElo "1825"]
[PlyCount "72"]
[EventDate "2013.04.05"]
[EventType "swiss"]
[EventRounds "8"]
[EventCountry "ESP"]
[SourceTitle "EXT 2014"]
[Source "ChessBase"]
[SourceDate "2013.11.20"]
[SourceVersion "1"]
[SourceVersionDate "2013.11.20"]
[SourceQuality "1"]

1. d4 Nf6 2. c4 g6 3. Nc3 Bg7 4. e4 d6 5. Nf3 0-0 6. Be2 e5 7. d5 a5 8. Bg5 h6 9. Bh4 Qe8 10. Nd2 Na6 11. 0-0 Nh7 12. a3 f5 13. f3 g5 14. Bf2 f4 15. b4 h5 16. c5 Qg6 17. cxd6 cxd6 18. Nc4 g4 19. Bh4 Bf6 20. Bxf6 Rxf6 21. Nxa5 g3 22. h3 Ng5 23. Bxa6 bxa6 24. Nc6 Rf7 25. Ra2 h4 26. a4 Nxh3+ 27. gxh3 Bxh3 28. Re1 Qh5 29. Qd3 Raf8 30. Ree2 Bg4 31. fxg4 Qxg4 32. Kf1 f3 33. Ke1 f2+ 34. Rxf2 gxf2+ 35. Rxf2 Rxf2 36. Ne7+ Kh7 0-1

[Event "Vall del Tenes op 2nd"]
[Site "Vall del Tenes"]
[Date "2013.04.19"]
[Round "3"]
[White "Argemi Camp, Jaume"]
[Black "Prats Fumado, Gerard"]
[Result "0-1"]
[WhiteElo "1633"]
[BlackElo "1825"]
[PlyCount "71"]
[EventDate "2013.04.05"]
[EventType "swiss"]
[EventRounds "8"]
[EventCountry "ESP"]
[SourceTitle "EXT 2014"]
[Source "ChessBase"]
[SourceDate "2013.11.20"]
[SourceVersion "1"]
[SourceVersionDate "2013.11.20"]
[SourceQuality "1"]

1. e4 e6 2. g3 d5 3. exd5 exd5 4. Bg2 c6 5. d3 Nf6 6. Nf3 Bd6 7. 0-0 0-0 8. Nbd2 Bg4 9. c3 Nbd7 10. a4 a5 11. Qb3 Nc5 12. Qc2 Bf5 13. Ne1 Re8 14. Nb3 Ng4 15. Nd4 Bg6 16. b4 axb4 17. cxb4 Rxe1 18. bxc5 Rxf1+ 19. Bxf1 Be5 20. Be3 Qf6 21. Qb2 Re8 22. Be2 h5 23. Kg2 Qe7 24. Bf1 Nxe3+ 25. fxe3 Qxc5 26. Rc1 Qe7 27. Rb1 c5 28. Re1 Bxd4 29. Qb5 h4 30. Re2 Bf6 31. Kf2 Bh5 32. Re1 Bd4 33. Kg2 h3+ 34. Kh1 Bf3+ 35. Bg2 Bxg2+ 36. Kg1 0-1